| 000 | 00906nam a22002897a 4500 | ||
|---|---|---|---|
| 003 | CHAP | ||
| 005 | 20220329133753.0 | ||
| 008 | 971013s1977 r 00010 d | ||
| 010 | _a10640 | ||
| 011 | _a11612 | ||
| 035 | _a10851 | ||
| 040 | _cCHAP | ||
| 082 |
_a574.5 _bE2 |
||
| 245 | _aEcology field glossary; a naturalist's vocabulary | ||
| 260 |
_aWestport, Conn. : _bGreenwood, _c1977 |
||
| 300 | _a152 p | ||
| 590 |
_aBATCH-UPD _b10 _c20130110 _lUCH01 _h2235 |
||
| 590 |
_aBATCH-UPD _b10 _c20130410 _lUCH01 _h1530 |
||
| 590 |
_aBATCH-UPD _b10 _c20130914 _lUCH01 _h1227 |
||
| 590 |
_aCONVERSION _b10 _c20130109 _lUCH01 _h1307 |
||
| 650 | 1 | 4 |
_aEcologĂa _xDiccionarios. _935139 |
| 700 | 0 |
_aLewis, Walter H. _966548 |
|
| 901 | _aBK | ||
| 942 | _cLIBRO | ||
| 949 |
_a574.5 E2 _bBC _cC _d33724000494563 _eC _fc.2 _h55600 _i10851 _si _t616.00 |
||
| 949 |
_a574.5 E2 _bBC _cC _d33724000494589 _eC _h55599 _i10851 _si _t616.00 |
||
| 999 |
_c10640 _d10640 |
||